000 00893nam a2200205Ii 4500
003 JO-AjNU
008 230605s9999||||xx |||||||||||||| ||und||
040 _aJO-AjNU
_bara
_erda
_cJO-AjNU
041 _aara
050 1 4 _aML160 .H5 1974
100 3 _aالحلو، سليم تأليف,
_eauthor
_937388
245 0 0 _aالموسيقى الشرقية : تاريخ موسيقات العالم اجمع في آلاتها وسلالمها الموسيقية وأصل نشؤها ونظريتها وتطورهامنذ ان عرفت الموسيقات حتى عصرنا هذا
250 _a-
264 3 1 _aبيروت: دار مكتبة الحياة ،1974
300 _a319ص
336 _atext
_btxt
_2rdacontent
337 _aunmediated
_bn
_2rdamedia
338 _avolume
_bnc
_2rdacarrier
650 4 _aموسيقى -السلالم الموسيقيه- تاريخ-الات موسيقية
_937389
999 _aA15617
_c19185
_d19185